Finansy i učet na sp: istoki protivorečij.

Zdroje problémov v spoločnom podnikaní na území bývalého ZSSR. Nezlučiteľnosť hospodárskych sústav. Pozostatky príkazovo riadenej ekonomiky. Slabé právne regulátory. Rozdielnosť cieľov finančnej činnosti v kapitalistických a sovietskych podnikoch a rozdielnosť metodiky účtovnej evidencie.

Gespeichert in:
Bibliographische Detailangaben
1. Verfasser: Fedorov, V.V
Format: Buchkapitel
Sprache:Russisch
Schlagworte:
Tags: Tag hinzufügen
Keine Tags, Fügen Sie das erste Tag hinzu!

MARC

LEADER 00000naa a2200000 4500
001 r010098
005 20221208122551.2
041 0 |a rus 
044 |a [SU] 
245 1 0 |a Finansy i učet na sp: istoki protivorečij.  |c V.V. Fedorov 
520 |a Zdroje problémov v spoločnom podnikaní na území bývalého ZSSR. Nezlučiteľnosť hospodárskych sústav. Pozostatky príkazovo riadenej ekonomiky. Slabé právne regulátory. Rozdielnosť cieľov finančnej činnosti v kapitalistických a sovietskych podnikoch a rozdielnosť metodiky účtovnej evidencie. 
610 2 0 |a podnik spoločný 
610 2 0 |a hospodárenie finančné 
610 2 0 |a Spoločenstvo nezávislých štátov 
610 2 0 |a účtovníctvo 
610 2 0 |a ciele podnikové 
610 2 0 |a právo 
610 2 0 |a metodika 
100 1 |a Fedorov, V.V.